Statistics for Minecraft multiple choice quiz

Click here to take the quiz!

General Stats

  • This quiz has been taken 61 times
  • The average score is 11 of 15

Answer Stats

QuestionAnswer% Correct
what mob is not a hostile mobpig
96%
what is not a foodgolden bread
91%
what is not a mobinvased zombie
87%
how was creepers mademessed up pig
87%
what is not a blockpillow block
87%
what type of sheep is the rareistpink
87%
what is not a type of armorcopper
85%
who the creaternotch
81%
what is not a orecopper
75%
when was minecraft created2009
74%
what is not a divice that you can play minecraftwii
72%
what a bossall of the below
70%
what bedrock sever is not a severlineing niight
57%
what update was 1.16 updatenether
57%
what is the rarist ore in minecraft(acording to google)dimand
6%

Score Distribution

Percentile by Number Answered

Percent of People with Each Score

Your Score History

You have not taken this quiz